000 00845nmm a2200265 a 4500
001 ocm000955211
003 TR-IsHL
005 20201028150201.0
008 150110s2014 tu tur
007 cr cn
020 _a9786054708727
035 _a955211
_b(N$T)
050 0 4 _aPL248.Y455
_bO6 2014
090 0 4 _aPL248.Y455
_bO6 2014
100 1 _aYılmaz, Ercan Y.
245 1 0 _aOn üç sıfır sıfır
_h[electronic resource] /
_cErcan Y. Yılmaz
260 _aİstanbul :
_bDedalus Kitap,
_c2014
300 _a97 p.
650 4 _aDil ve Edebiyat
650 4 _aLanguage and Literature
650 0 _aKısa hikayeler, Türk
650 0 _aShort stories, Turkish
650 7 _aLITERARY COLLECTIONS / Middle Eastern
_2bisacsh
856 4 0 _uhttp://search.ebscohost.com/login.aspx?direct=true&scope=site&db=e011xww&AN=955211
999 _c10338
_d10338